[Event "Asia-ch U14"]
[Site "Singapore"]
[Date "2004.12.17"]
[Round "8"]
[White "Tejdeep, Adabala"]
[Black "Kasyan, Aleksandr"]
[Result "1/2-1/2"]
[WhiteElo "2079"]
[BlackElo "2226"]
[PlyCount "49"]
[EventDate "2004.12.11"]
[EventType "swiss"]
[EventRounds "9"]
[EventCountry "SIN"]
[SourceTitle "CBM 103 Extra"]
[Source "ChessBase"]
[SourceDate "2005.01.01"]
[SourceVersion "1"]
[SourceVersionDate "2005.01.01"]
[SourceQuality "1"]

1. c4 Nf6 2. Nc3 g6 3. g3 Bg7 4. Bg2 0-0 5. e4 d6 6. Nge2 e5 7. 0-0 Nc6 8. d3 Nd7 9. f4 exf4 10. Bxf4 Nce5 11. h3 h6 12. b3 g5 13. Be3 Ng6 14. Qd2 Nde5 15. Nd4 Nc6 16. Nf5 Bxf5 17. exf5 Nge5 18. Rae1 Re8 19. Re2 Nd7 20. d4 Rxe3 21. Rxe3 Bxd4 22. Bxc6 Bxe3+ 23. Qxe3 bxc6 24. Qf3 Ne5 25. Qh5 1/2-1/2

[Event "Asia-ch U14"]
[Site "Singapore"]
[Date "2004.12.14"]
[Round "6"]
[White "Tejdeep, Adabala"]
[Black "Nguyen, Viet Chung"]
[Result "1-0"]
[WhiteElo "2079"]
[BlackElo "2045"]
[PlyCount "73"]
[EventDate "2004.12.11"]
[EventType "swiss"]
[EventRounds "9"]
[EventCountry "SIN"]
[SourceTitle "CBM 103 Extra"]
[Source "ChessBase"]
[SourceDate "2005.01.01"]
[SourceVersion "1"]
[SourceVersionDate "2005.01.01"]
[SourceQuality "1"]

1. c4 c5 2. Nc3 Nc6 3. g3 g6 4. Bg2 Bg7 5. Nf3 d6 6. 0-0 e5 7. Ne1 Nge7 8. Nc2 0-0 9. d3 Be6 10. Ne3 f5 11. a3 a5 12. Ned5 h6 13. Rb1 Rb8 14. b4 axb4 15. axb4 cxb4 16. Nxb4 Nxb4 17. Rxb4 Nc6 18. Rb1 f4 19. Ba3 Rf7 20. Qd2 h5 21. Bd5 Bxd5 22. cxd5 Ne7 23. Ne4 Nf5 24. Qb4 Bf8 25. Qb6 Qe7 26. Qa7 Rd8 27. Rb2 Qe8 28. Rxb7 Ra8 29. Rxf7 Rxa7 30. Rxa7 Be7 31. Rb1 f3 32. exf3 Qc8 33. Rbb7 Kf8 34. Rxe7 Nxe7 35. Bxd6 Qc2 36. Rxe7 Qxd3 37. Nf6 1-0

[Event "Asia-ch U14"]
[Site "Singapore"]
[Date "2004.12.14"]
[Round "5"]
[White "Toufighi, Homayoon"]
[Black "Tejdeep, Adabala"]
[Result "0-1"]
[WhiteElo "2146"]
[BlackElo "2079"]
[PlyCount "120"]
[EventDate "2004.12.11"]
[EventType "swiss"]
[EventRounds "9"]
[EventCountry "SIN"]
[SourceTitle "CBM 103 Extra"]
[Source "ChessBase"]
[SourceDate "2005.01.01"]
[SourceVersion "1"]
[SourceVersionDate "2005.01.01"]
[SourceQuality "1"]

1. e4 e6 2. d4 d5 3. exd5 exd5 4. Nf3 Bd6 5. c4 dxc4 6. Bxc4 Nf6 7. 0-0 0-0 8. h3 Nbd7 9. Nc3 Nb6 10. Bd3 h6 11. Bd2 c6 12. Rc1 Re8 13. Re1 Rxe1+ 14. Qxe1 Be6 15. Ne5 Bf8 16. Qe3 Qd6 17. Ne4 Nxe4 18. Qxe4 f5 19. Qf3 Qxd4 20. Bc3 Qd5 21. Bxf5 Bxf5 22. Qxf5 Na4 23. Qf3 Nxc3 24. Qxc3 Qxa2 25. b3 Qe2 26. Re1 Qb5 27. Rd1 Re8 28. Nf3 Qf5 29. Qc4+ Kh7 30. Rd4 Bc5 31. Rd1 Bb6 32. b4 Qe4 33. Qf7 Qg6 34. Qxb7 Re2 35. Rf1 Qc2 36. Qf7 Bxf2+ 37. Kh1 Qg6 38. Qxg6+ Kxg6 39. Rc1 Re6 40. g4 Bb6 41. Rc2 Kf7 42. Kg2 Ke7 43. Nh4 g6 44. Rc3 Kd6 45. Rd3+ Kc7 46. Nf3 g5 47. Nd2 Re3 48. Rxe3 Bxe3 49. Nb3 Bf4 50. Kf3 Bd6 51. Ke4 Bxb4 52. Kf5 a5 53. Kg6 a4 54. Nd4 c5 55. Nc2 Bd2 56. Kxh6 Kc6 57. Na3 Bc1 58. Nc2 a3 59. Nxa3 Bxa3 60. Kxg5 c4 0-1

[Event "Chennai WinTV op 1st"]
[Site "Chennai"]
[Date "2004.01.29"]
[Round "10"]
[White "Tejdeep, Adabala"]
[Black "Sangeetha, MR."]
[Result "1-0"]
[WhiteElo "2002"]
[BlackElo "2085"]
[PlyCount "62"]
[EventDate "2004.01.21"]
[EventType "swiss"]
[EventRounds "13"]
[EventCountry "IND"]
[SourceTitle "CBM 098 Extra"]
[Source "ChessBase"]
[SourceDate "2004.03.10"]
[SourceVersion "2"]
[SourceVersionDate "2004.03.10"]
[SourceQuality "1"]

1. c4 e6 2. Nf3 Nf6 3. g3 d5 4. Bg2 Be7 5. 0-0 0-0 6. b3 c5 7. Bb2 d4 8. e3 Nc6 9. exd4 cxd4 10. d3 e5 11. Na3 h6 12. Nc2 Rb8 13. Rc1 g5 14. a3 a5 15. Qd2 Nd7 16. Rb1 b5 17. Qe2 bxc4 18. bxc4 Rb6 19. Nd2 Bf6 20. f4 Re8 21. Qh5 Kg7 22. Bd5 Rf8 23. fxe5 Ndxe5 24. Qe2 Bg4 25. Qg2 Nxd3 26. Ba1 Ne7 27. Rxb6 Qxb6 28. Rxf6 Qxf6 29. Bxd4 Nxd5 30. Ne4 Bf3 31. Nxf6 Bxg2 1-0